000 00806nam a2200265Ia 4500
003 OSt
005 20221005083820.0
006 a|||||r|||| 00| 0
007 ta
008 221004b |||||||| |||| 00| 0 eng d
020 _a9788126516292 (pbk)
_c795
024 _a94883
037 _b8252, 21/01/2009, Elite Publishers Distributors
_cTextual
040 _aCRL
_cCRL
_beng
041 _2eng
_aeng
082 _aQ2, P3
100 _aFlood Gavin Ed.
245 0 _aBlackwell companion to hinduism
260 _aNew Delhi
_bWiley India Pvt. Ltd. India
_c2003
300 _axiii, 599p.
_ccm.
490 _aBlackwell companion to religion
650 _aRELIGION
942 _hQ2, P3
_cTEXL
_2cc
999 _c991600
_d991600